ESSENTIAL WRITTINGS OF DHARAMPAL (Record no. 29255)

MARC details
000 -LEADER
fixed length control field 00296nam a22001337a 4500
003 - CONTROL NUMBER IDENTIFIER
control field SGT
020 ## - INTERNATIONAL STANDARD BOOK NUMBER
International Standard Book Number 9788123020422
082 ## - DEWEY DECIMAL CLASSIFICATION NUMBER
Classification number 820
Item number E15D
100 ## - MAIN ENTRY--PERSONAL NAME
Personal name DHARAMPAL, GITA
245 ## - TITLE STATEMENT
Title ESSENTIAL WRITTINGS OF DHARAMPAL
260 ## - PUBLICATION, DISTRIBUTION, ETC. (IMPRINT)
Name of publisher, distributor, etc PUBLICATIONS DIVISION
Year of Publication 2015
300 ## - PAGE DESCRIPTION
No. of Pages 396
942 ## - ADDED ENTRY ELEMENTS (KOHA)
Source of classification or shelving scheme Dewey Decimal Classification
Koha item type Books
Holdings
Withdrawn status Lost status Source of classification or shelving scheme Damaged status Not for loan Home library Current library Shelving location Date acquired Cost, normal purchase price SGTU Total Checkouts Full call number Accession No. (Barcode) Date last seen Bill Date Koha item type
    Dewey Decimal Classification   Not For Loan SGT Chancellor's Library SGT Chancellor's Library Reference Book 22/01/2025 135.00 SGTU   820 E15D CH1906 22/01/2025 22/01/2025 Books
    Dewey Decimal Classification   Not For Loan SGT Chancellor's Library SGT Chancellor's Library Reference Book 22/01/2025 135.00 SGTU   820 E15D CH1907 22/01/2025 22/01/2025 Books
    Dewey Decimal Classification   Not For Loan SGT Chancellor's Library SGT Chancellor's Library Reference Book 22/01/2025 135.00 SGTU   820 E15D CH1908 22/01/2025 22/01/2025 Books